• 首页
  • 本馆介绍
  • 公告通知
  • 最新文献
  • 馆藏检索
  • 电子资源
  • 读者导购
  • 参考咨询
  • 我的图书馆
  • 登录
  • 详细信息显示
  • 放入我的书架
  • 预约/预借图书
  • 作者相关作品
  • 分类相关作品
  • 丛书相关作品
  • 出版社相关作品

书目信息

  • 表格格式
  • 工作单格式
  • 卡片格式
题名:
2006形势与政策命题及预测
    
 
作者: 龙十一 编著
分册:  
出版信息: 北京   知识产权出版社  2005
页数: 210页
开本: 20cm
丛书名: 金牌考研政治系列
单 册:
中图分类: D643
科图分类:
主题词: 政治--中国
电子资源:
ISBN: 7-80011-441-4
000 00688nam0 2200241 450
001 0633266281
005 20061012091646.50
010    @a7-80011-441-4@dCNY10.00
100    @a20061012d2005 km y0chiy0120 ea
101 0  @achi
102    @aCN
102    @aCN@b110000
200 1  @a2006形势与政策命题及预测@A2006 xing shi yu zheng ce ming ti ji yu ce@f龙十一编著@Flong shi yi bian zhu
205    @a6版
210    @a北京@c知识产权出版社@d2005
215    @a210页@d20cm
225    @a金牌考研政治系列
410  0 @12001 @a金牌考研政治系列
606 0  @a政治@x中国
690    @aD643@v3
701  0 @a龙十一@Along shi yi@4编著
801  0 @aCN@bPFT@c20061012
905    @a10447@dD643@e102=6
    
    2006形势与政策命题及预测/龙十一编著.-6版.-北京:知识产权出版社,2005
    210页;20cm.-(金牌考研政治系列)
    
    
    ISBN 7-80011-441-4:CNY10.00
    
●
相关链接 在E读中查询图书 在五车中查询图书 在当当中查询图书 在豆瓣中查询图书


正题名:2006形势与政策命题及预测     索取号:D643/102=6         预约/预借

序号 登录号 条形码 馆藏地/架位号 状态 备注
1 0501746   205017462   密集书库/ [索取号:D643/102=6] 在馆    
唐山师范学院图书馆 欢迎您!
大连网信软件有限公司© 版权所有